LEADER 01372nam a2200253 i 4500 001 000000114341 003 CaOOAMICUS 005 20230207122252.0 008 080214s1981 it u000 u ita u 020 $a88-222-2976-2 040 $aSeMil$bita 245 02$aL'umanesimo e l'ecumenismo della cultura :$batti del 14. Convegno Internazionale del Centro di studi umanistici, Montepulciano, Palazzo Tarugi, 1977. 300 $aXIII, 270 p. 541 0 $aFondo card. Giovanni Colombo (1O VI 247) 650 4$aUmanesimo.$0(OLS)http://semarc/subject/4164 711 0 $aConvegno internazionale del Centro studi umanistici <14. ; 1977 ; Montepulciano>.$0(OLS)http://semarc/name/47810 773 0 $aCentro di studi umanistici «Angelo Poliziano»$tEcumenismo della cultura.$dFirenze : Olschki, 1981.$gVol.3$w()9102 850 $aSeMil 852 $aSeMil$W1$xVenegono$y1$m1O VI 247$j237020$B69920$CSeMilBibl$Z2$F131837 $81 941 1 $a3 961 $aLascito: Colombo Card. Giovanni. -- Con dedica autografa della curatrice (Giovannangiola Tarugi) al card. Colombo (11 novembre 1981) 996 $6020$a88-222-2976-2$9(OLS)http://semarc/number/97604 996 $6245$aL'umanesimo e l'ecumenismo della cultura :$batti del 14. Convegno Internazionale del Centro di studi umanistici, Montepulciano, Palazzo Tarugi, 1977$9(OLS)http://semarc/title/167098 LEADER 00649naa a2200157 i 4500 001 000000296635 003 CaOOAMICUS 005 20180831172549.0 008 180831n xx u000 u und u 013 $a4098 040 $aSeMil$bita 100 1 $aJay, Pierre.$0(OLS)http://semarc/name/85235 245 10$aSaint Jérôme et "L'un et l'autre Testament". 600 04$aGirolamo .$0(OLS)http://semarc/subject/9511 773 0 $tOuvrir les écritures.$dParis : Les Éditions du Cerf, copyr. 1995.$kLectio divina $z2-204-05231-0$gp.361-380$w()52325 996 $6245$aSaint Jérôme et "L'un et l'autre Testament"$9(OLS)http://semarc/title/372685